Effectiveness of the federal crop insurance program for damage done by Hurricane Opal : hearing before the Subcommittee on Risk Management and Specialty Crops of the Committee on Agriculture, House of Representatives, One Hundred Fourth Congress, second session, March 1, 1996.

Bibliographic Details
Corporate Authors: United States. Congress. House. Committee on Agriculture. Subcommittee on Risk Management and Specialty Crops, ProQuest (Firm)
Format: Government Document eBook
Language:English
Published: Washington : U.S. G.P.O. : 1996.
Series:U.S. Congressional Hearings.
Subjects:
Online Access:Connect to the full text of this electronic book

MARC

Tag First Indicator Second Indicator Subfields
LEADER 00000cam a22000001a 4500
001 in00003255033
006 m d f
007 cr bn mmmapmmp
008 091024s1996 dcu o f000 0 eng d
005 20260604201559.6
035 |a cis2007465875 
040 |a UMI  |c UMI  |d UtOrBLW 
043 |a n-us--- 
074 |a 1010-A 
074 |a 1010-B (MF) 
086 0 |a Y 4.AG 8/1:104-26 
088 |a Serial no. 104-26 (United States. Congress. House. Committee on Agriculture) 
099 |a HRG-1996-HAG-0008 
110 1 |a United States.  |b Congress.  |b House.  |b Committee on Agriculture.  |b Subcommittee on Risk Management and Specialty Crops. 
245 1 0 |a Effectiveness of the federal crop insurance program for damage done by Hurricane Opal :  |b hearing before the Subcommittee on Risk Management and Specialty Crops of the Committee on Agriculture, House of Representatives, One Hundred Fourth Congress, second session, March 1, 1996. 
264 1 |a Washington :  |b U.S. G.P.O. :  |c 1996. 
264 2 |a Washington :  |b For sale by the U.S. G.P.O., Supt. of Docs., Congressional Sales Office, 
300 |a 1 online resource. 
336 |a text  |b txt  |2 rdacontent 
337 |a computer  |b c  |2 rdamedia 
338 |a online resource  |b cr  |2 rdacarrier 
500 |a Record is based on bibliographic data in ProQuest Congressional Hearings Digital Collection. Reuse except for individual research requires license from ProQuest, LLC. 
538 |a System requirements: PDF reader software. 
500 |a Electronic resource. 
650 0 |a Crop insurance  |z United States. 
650 0 |a Crop insurance  |z Alabama. 
650 0 |a Crop losses  |z Alabama. 
650 0 |a Hurricane Opal, 1995. 
655 7 |a Electronic books.  |2 local 
710 2 |a ProQuest (Firm) 
776 0 8 |i Print version:  |a United States. Congress. House. Committee on Agriculture. Subcommittee on Risk Management and Specialty Crops.  |t Effectiveness of the federal crop insurance program for damage done by Hurricane Opal  |w gp 96070554  |w (OCoLC)34699492 
776 0 8 |i Microfiche version:  |a United States. Congress. House. Committee on Agriculture. Subcommittee on Risk Management and Specialty Crops.  |t Effectiveness of the federal crop insurance program for damage done by Hurricane Opal.  |d [Bethesda, Md.] : ProQuest,[2004]  |o CIS 96 H161-5  |w (ProQuest)cis09600005 
830 0 |a U.S. Congressional Hearings. 
856 4 0 |u http://proxy.library.tamu.edu/login?url=https://congressional.proquest.com/congcomp/getdoc?HEARING-ID=HRG-1996-HAG-0008  |z Connect to the full text of this electronic book  |t 0 
998 |a cis09600005 
999 |a MARS 
999 f f |s b298dc87-122e-35d5-a257-3d49292bf59c  |i b66f9243-a4a9-35c6-85c4-70b30659b92e  |t 0 
952 f f |a Texas A&M University  |b College Station  |c Electronic Resources  |s www_evans  |d Available Online  |t 0  |e HRG-1996-HAG-0008  |h Other scheme 
998 f f |a HRG-1996-HAG-0008  |t 0  |l Available Online